<?xml version="1.0" encoding="UTF-8"?>
<collection xmlns="http://www.loc.gov/MARC21/slim">
 <record>
  <leader>01594nam a2200229Ia 4500</leader>
  <controlfield tag="001">CTU_171095</controlfield>
  <controlfield tag="008">210402s9999    xx            000 0 und d</controlfield>
  <datafield tag="082" ind1=" " ind2=" ">
   <subfield code="a">633.18</subfield>
  </datafield>
  <datafield tag="082" ind1=" " ind2=" ">
   <subfield code="b">T406</subfield>
  </datafield>
  <datafield tag="088" ind1=" " ind2=" ">
   <subfield code="a">60420201</subfield>
  </datafield>
  <datafield tag="100" ind1=" " ind2=" ">
   <subfield code="a">Trần, Phú Toàn</subfield>
  </datafield>
  <datafield tag="245" ind1=" " ind2="0">
   <subfield code="a">Đánh giá tính đa dạng nguồn Gen giống lúa nàg thơm chợ đào :</subfield>
  </datafield>
  <datafield tag="245" ind1=" " ind2="0">
   <subfield code="b">Luận văn Thạc sĩ chuyên ngành Công nghệ sinh học</subfield>
  </datafield>
  <datafield tag="245" ind1=" " ind2="0">
   <subfield code="c">Trần Phú Toàn ; Nguyễn Thị Lang ( Hướng dẫn khoa học )</subfield>
  </datafield>
  <datafield tag="260" ind1=" " ind2=" ">
   <subfield code="a">Cần Thơ</subfield>
  </datafield>
  <datafield tag="260" ind1=" " ind2=" ">
   <subfield code="b">Trường Đại học Cần Thơ</subfield>
  </datafield>
  <datafield tag="260" ind1=" " ind2=" ">
   <subfield code="c">2011</subfield>
  </datafield>
  <datafield tag="520" ind1=" " ind2=" ">
   <subfield code="a">Đề tài đánh giá tính đa dạng nguồn gen giống lúa Nàng Thơm chợ Đào nhằm thu thập, phân tích đánh giá sự đa dạng nguồn gen của giống lúa NTCĐ bằng phương pháp đánh giá hình thái và marker phân tử. Xây dựng cây phân nhóm di truyền nhằm phục vụ cho công tác lai tạo giống mới và bảo tồn nguồn gen quý. Theo dõi và đánh giá kiểu hình 100 dòng lúa NTCĐ thu thập được, đánh giá phân nhóm di truyền kiểu hình dựa vào một số chỉ tiêu nông học và sử dụng phương pháp SSR để đánh giá kiểu gen, phân nhóm di truyền theo kiểu gen</subfield>
  </datafield>
  <datafield tag="650" ind1=" " ind2=" ">
   <subfield code="a">Lúa,Rice</subfield>
  </datafield>
  <datafield tag="650" ind1=" " ind2=" ">
   <subfield code="x">Nghiên cứu,Research</subfield>
  </datafield>
  <datafield tag="904" ind1=" " ind2=" ">
   <subfield code="i">Tuyền, Hải</subfield>
  </datafield>
  <datafield tag="980" ind1=" " ind2=" ">
   <subfield code="a">Trung tâm Học liệu Trường Đại học Cần Thơ</subfield>
  </datafield>
 </record>
</collection>
